LEADER 01361nam a2200265 i 4500 001 000000163167 003 CaOOAMICUS 005 20240416153822.0 008 070719s1905 it u000 u ita u 013 $a140531 040 $aSeMil$bita 100 1 $aSpingarn, Joel Elias,$d<1875-1939>.$0(OLS)http://semarc/name/61840 245 13$aLa critica letteraria nel Rinascimento :$bsaggio sulle origini dello spirito classico nella letteratura moderna /$cJ. E. Spingarn ; traduzione italiana del Dr. Antonio Fusco ; con correzioni e aggiunte dell'Autore e prefazione di B. Croce. 260 $aBari :$bLaterza & Figli,$c1905. 300 $aXII, 358 p. ;$c20 cm. 650 4$aRinascimento - Cultura - Storia.$0(OLS)http://semarc/subject/15197 650 4$aCritica letteraria - Sec. 16.$0(OLS)http://semarc/subject/31022 700 1 $aCroce, Benedetto,$d<1866-1952>.$0(OLS)http://semarc/name/618 700 1 $aFusco, Antonio.$0(OLS)http://semarc/name/61841 850 $aSeMil 852 $aSeMil$W1$xVenegono$y1$m1R II 71$j247648$B114481$CSeMilBibl$Z2$F125289 $81 961 $aRecupero: Altro 996 $6245$aLa critica letteraria nel Rinascimento :$bsaggio sulle origini dello spirito classico nella letteratura moderna$9(OLS)http://semarc/title/232779 996 $6260$aBari :$bLaterza & Figli$9(OLS)http://semarc/publisher/29663 LEADER 01252nam a2200265 i 4500 001 000000192391 003 CaOOAMICUS 005 20211129125747.0 008 150721s1907 it u000 u ita u 013 $a170970 040 $aSeMil$bita 100 1 $aLeopardi, Giacomo,$d<1798-1837>.$0(OLS)http://semarc/name/1218 245 12$aI canti :$billustrati per le persone colte e per le scuole, e con la vita del poeta narrata di su l'epistolario da Michele Scherillo /$cGiacomo Leopardi. 264 1$aMilano :$bHoepli,$c1907. 300 $aXVJ, 416 p. ;$c19 cm. 541 0 $aFondo card. Giovanni Colombo (3GC VI 274) 650 4$aLeopardi, Giacomo <1798-1837> . Canti.$0(OLS)http://semarc/subject/2220 700 1 $aScherillo, Michele,$d<1860-1930>.$0(OLS)http://semarc/name/13559 850 $aSeMil 852 $aSeMil$W1$xVenegono$y1$m3GC VI 274$j142966$B142966$CSeMilBibl$Z2$F154341 $8B 941 1 $a3 961 $aLascito: Colombo Card. Giovanni 996 $6245$aI canti :$billustrati per le persone colte e per le scuole, e con la vita del poeta narrata di su l'epistolario da Michele Scherillo$9(OLS)http://semarc/title/277287 996 $6264$aMilano :$bHoepli$9(OLS)http://semarc/publisher/31184